00660nam a22002051 450000100060000000300080000600500170001400800410003103500190007203500180009104000410010904100080015008200220015810000260018024500610020626000380026730000190030550400750032465100550039936150BD-RjUL20211209052436.0140617s1964 nyu b 001 0 eng d a(BD-RjUL)36247 a(OCoLC)400654 aDLCcODaWUdOCoLCdDLCdBD-RjULbeng aeng00a942.085bBOB 19641 aBoyd, Francis,d1910-10aBritish politics in transition, 1945-63 /cFrancis Boyd. aLondon :bPall Mall Press,c1964. a253 p.c21 cm. aBibliographical references included in "Notes" (p. 240-242) and index. 0aGreat BritainxPolitics and governmenty1945-1964.